000 00288nam a22001337a 4500
020 _a978-93-5282-876-0
082 _a894.812.3
_bEAR/B
100 _aBUCK, PEARL. S
245 _aTHE GOOD EARTH
260 _aKOTTAYAM
_bDC BOOKS
300 _a287
650 _aMALAYALAM NOVEL
942 _cBK
999 _c7193
_d7193